| 000 | 00583cam a2200229 4500 | ||
|---|---|---|---|
| 008 | 000000n1999 000 0 eng u | ||
| 020 | _a0632051027 | ||
| 035 | _a(Sirsi) u100019 | ||
| 041 | _aENG | ||
| 050 | _a658.404 | ||
| 100 | _aBarrett, Peter | ||
| 245 | _aBetter construction briefing. | ||
| 260 |
_aBlackwell Science _b1999 |
||
| 300 | _aviii,157p. ;25cm. | ||
| 350 | _a25.08 | ||
| 650 | _aCONSTRUCTION BRIEFING | ||
| 650 | _aNEGOTIATING TECHNIQUES | ||
| 650 | _aCLIENT CARE | ||
| 690 |
_aProject management _96261 |
||
| 700 | _aStanley, Catherine | ||
| 942 | _n0 | ||
| 999 |
_c99552 _d99552 |
||